Entre l'imperialisme et la révolution (Record no. 105912)

MARC details
000 -LEADER
campo de control de longitud fija 00875nam a2200241 i 4500
001 - NÚMERO DE CONTROL
campo de control 105912
003 - IDENTIFICADOR DE NÚMERO DE CONTROL
campo de control ES-MaACL
005 - FECHA Y HORA DE LA ÚLTIMA TRANSACCIÓN
campo de control 20250512063029.0
007 - CAMPO FIJO DE DESCRIPCIÓN FÍSICA--INFORMACIÓN GENERAL
campo de control de longitud fija t|
008 - DATOS DE LONGITUD FIJA--INFORMACIÓN GENERAL
campo de control de longitud fija 060912s1970 be |||| | fre d
080 ## - NÚMERO DE LA CLASIFICACIÓN DECIMAL UNIVERSAL
Número de la Clasificación Decimal Universal 94(470)"1917/21"
080 ## - NÚMERO DE LA CLASIFICACIÓN DECIMAL UNIVERSAL
Número de la Clasificación Decimal Universal 94(479.22)
100 1# - ENTRADA PRINCIPAL--NOMBRE DE PERSONA
Nombre de persona Trotsky, Leon,
Fechas asociadas al nombre 1879-1940
9 (RLIN) 240350
245 10 - MENCIÓN DEL TÍTULO
Título Entre l'imperialisme et la révolution
Resto del título : les questions fondamentales de la révolution à la lumière de l'expérience géorgienne /
Mención de responsabilidad, etc. Leon Trotsky.
260 ## - PUBLICACIÓN, DISTRIBUCIÓN, ETC.
Lugar de publicación, distribución, etc. Bruxelles :
Nombre del editor, distribuidor, etc. Editions La Taupe,
Fecha de publicación, distribución, etc. [1970]
300 ## - DESCRIPCIÓN FÍSICA
Extensión 192 p. ;
Dimensiones 17 cm.
490 1# - MENCIÓN DE SERIE
Mención de serie Documents socialistes ;
Designación de volumen o secuencia 7
651 #4 - PUNTO DE ACCESO ADICIONAL DE MATERIA--NOMBRE GEOGRÁFICO
Nombre geográfico Rusia-
Subdivisión general Historia-
Subdivisión cronológica 1917-1921, Revolución.
9 (RLIN) 9336
651 #4 - PUNTO DE ACCESO ADICIONAL DE MATERIA--NOMBRE GEOGRÁFICO
Nombre geográfico Georgia-
Subdivisión general Historia.
9 (RLIN) 186957
830 0# - PUNTO DE ACCESO ADICIONAL DE SERIE-TÍTULO UNIFORME
Título uniforme Documents socialistes ;
Designación de volumen o secuencia 7
9 (RLIN) 185120
852 ## - LOCALIZACIÓN
Ubicación ES-MaACL
Número de control de estantería AND-934
Nota libre . - Biblioteca Juan Andrade
Holdings
Estatus retirado Estado de pérdida Estado de daño No para préstamo Biblioteca de origen Biblioteca actual Ubicación en estantería Fecha de adquisición Fuente de adquisición Total de préstamos Signatura topográfica completa Código de barras Visto por última vez Precio de reemplazo Tipo de ítem Koha
        Biblioteca del Ateneo de Madrid Biblioteca del Ateneo de Madrid Depósito 2 17/01/2008     AND-934 1110573 23/02/2023 23/02/2023 Libro impreso